000 nam a22 a 4500
999 _c4743
_d4743
003 AKMAL
005 20170801115157.0
008 170108s2017 my | e l 000 0 may d
020 _cRM 29.00
040 _aAKMAL
082 0 4 _a347.59506 MAL
_222
090 0 0 _a347.59506
_bMAL
110 1 _aMalaysia
_9400
245 1 0 _aAkta keterangan (AKTA 56) :
_bsemua pindaan hingga Mac 2017 /
_cdisusun semula oleh : Penasihat Undang-undang MDC
260 _aKuala Lumpur :
_bMDC Publishers,
_c2017
300 _ax, 105ms. ;
_c27 cm.
490 1 _aUndang-undang Malaysia
599 _aDALAM PROSES
650 1 0 _aEvidence (Law)
_zMalaysia
_98308
650 2 0 _aConfession (Law)
_zMalaysia
_98728
830 0 _aUNDANG-UNDANG MALAYSIA
_99067
942 _2ddc
_cBOOK
950 _lAKMAL